000 00709nam a22002175i 4500
001 153746
003 ES-MaACL
005 20250827062629.0
008 971010s1881 sp |||| | spa d
040 _aCYL
_bspa
_cCYL
110 1 _aEspaña
_93622
240 1 0 _aLey de enjuiciamiento civil, 1881
245 1 0 _aLey de enjuiciamiento civil.
250 _aEd. oficial.
260 _aMadrid :
_bImprenta del Ministerio de Gracia y Justicia,
_c1881.
300 _aXVI, 607 p. ;
_c18 cm.
650 4 _aProcedimiento civil-
_zEspaña-
_vLegislación.
_916422
752 _aEspaña -
_dMadrid
852 _aES-MaACL
_jD-464
_z-- Enc. tela
_z-- Posible duplicado de CCPB000367185-2
999 _c153746
_d153746